000 00309pab a2200133 454500
008 180718b xxu||||| |||| 00| 0 eng d
100 _aSharma Kalpana
245 _aThe urban nightmares
362 _a13 Nov 93, p.8
650 _a Urbanisation
650 _aCities and Towns
773 _aHindu
909 _a25763
999 _c25763
_d25763